Engineering Database Strategische Komponente in CIM-Konzepten

Salvato in:
Dettagli Bibliografici
Natura: Libro
Lingua:tedesco
Pubblicazione: München Hanser 1991
Edizione:1. Aufl.
Serie:Praxiswissen CA...-Techniken
Soggetti:
Tags: Aggiungi Tag
Nessun Tag, puoi essere il primo ad aggiungerne!!

MARC

LEADER 00000nam a2200000 4500
001 c011849
005 20221206114533.5
020 |a 3-446-16438-3 
041 0 |a ger 
044 |a DE 
245 1 0 |a Engineering Database  |b Strategische Komponente in CIM-Konzepten 
250 |a 1. Aufl. 
264 1 |a München  |b Hanser  |c 1991 
300 |a 262 s. 
490 1 |a Praxiswissen CA...-Techniken 
830 0 |a Praxiswissen CA...-Techniken 
610 2 0 |a dáta 
610 2 0 |a banky dát 
610 2 0 |a spracovanie dát automatické 
610 2 0 |a siete dátové 
610 2 0 |a softvér 
610 2 0 |a modely 
610 2 0 |a systémy databázové 
610 2 0 |a CIM